000 00901nam a2200241 a 4500
001 000037690
003 DO-SdBNP
005 20210920150519.0
008 121115s2012 dr c 000 0 spa d
020 _a9789993449829
040 _aDO-SdBNP
_bspa
_cBNPHU
082 _a324.27293
_bA448p
100 1 _aAlmeyda Rancier, Franklin
_937117
245 1 3 _aEl PLD y las fuerzas sociales :
_btestimonio sobre su origen y desarrollo /
_cFranklin Almeynda Rancier.
260 _aSanto Domingo :
_bGente,
_c2012.
300 _a303 p. :
_bil., retrs. ;
_c24 cm.
500 _aIncluye datos biográficos del autor en las solapas
610 1 4 _aPARTIDO DE LA LIBERACIÓN DOMINICANA
_xHISTORIA
_964153
650 4 _aPartidos políticos
_zRepública Dominicana
_y1961-
_964154
651 4 _aRepública Dominicana
_xPolítica Y Gobierno
_y1961-
_9204
910 _aValidado. Control de calidad EMS
942 _2ddc
_cLBS1
999 _c37180
_d37180